[Event "Bosnia GM"]
[Site "Sarajevo BIH"]
[Date "2002.05.22"]
[Round "1"]
[White "Dizdarevic,E"]
[Black "Dreev,A"]
[Result "1/2-1/2"]
[WhiteElo "2526"]
[BlackElo "2677"]

1.c4 c6 2.Nf3 d5 3.e3 Nf6 4.Nc3 Nbd7 5.Qc2 e6 6.b3 b6 7.g3 Ba6 8.Bb2 Rc8
9.d3 b5 10.Be2 Bd6 11.O-O O-O 12.e4 e5 13.Nd1 Re8 14.Nd2 Bb4 15.Bc3 Bf8 16.Re1 h5
17.Bf1 Bc5 18.Rb1 Bb6 19.Bb2 Qe7 20.Nf3 bxc4 21.bxc4 Ba5 22.Re2 dxc4 23.dxc4 Qc5
24.Re3 Ng4  1/2-1/2

[Event "Bosnia GM"]
[Site "Sarajevo BIH"]
[Date "2002.05.24"]
[Round "3"]
[White "Radjabov,T"]
[Black "Dreev,A"]
[Result "1/2-1/2"]
[WhiteElo "2610"]
[BlackElo "2677"]

1.d4 d5 2.c4 c6 3.Nf3 Nf6 4.Nc3 e6 5.e3 Nbd7 6.Bd3 dxc4 7.Bxc4 b5 8.Bd3 Bb7
9.O-O a6 10.e4 c5 11.d5 Qc7 12.dxe6 fxe6 13.Bc2 Bd6 14.Ng5 Nf8 15.f4 O-O-O
16.Qe2 h6 17.e5 hxg5 18.exd6 Qxd6 19.Be3 N8d7 20.Rad1 Qc7 21.Bc1 g4 22.a4 b4
23.Ne4 Nxe4 24.Bxe4 Nf6 25.Bd3 Qc6 26.Bc4 Rde8 27.Rfe1 Kb8 28.b3  1/2-1/2

[Event "Bosnia GM"]
[Site "Sarajevo BIH"]
[Date "2002.05.25"]
[Round "4"]
[White "Smirin,I"]
[Black "Dreev,A"]
[Result "1/2-1/2"]
[WhiteElo "2685"]
[BlackElo "2677"]

1.e4 e5 2.Nf3 Nf6 3.Nxe5 d6 4.Nf3 Nxe4 5.d4 d5 6.Bd3 Be7 7.O-O Nc6 8.c4 Nb4
9.Be2 O-O 10.Nc3 Bf5 11.a3 Nxc3 12.bxc3 Nc6 13.Re1 Re8 14.Bf4 dxc4 15.Bxc4 Bd6
16.Be3 Qf6 17.h3  1/2-1/2

[Event "Bosnia GM"]
[Site "Sarajevo BIH"]
[Date "2002.05.27"]
[Round "6"]
[White "Shirov,A"]
[Black "Dreev,A"]
[Result "1-0"]
[WhiteElo "2704"]
[BlackElo "2677"]

1.d4 d5 2.c4 c6 3.Nc3 Nf6 4.Nf3 e6 5.e3 Nbd7 6.Bd3 dxc4 7.Bxc4 b5 8.Bd3 Bb7
9.O-O a6 10.e4 c5 11.d5 Qc7 12.dxe6 fxe6 13.Bc2 Bd6 14.Ng5 Nf8 15.f4 O-O-O
16.Qe1 e5 17.Nd5 Bxd5 18.exd5 exf4 19.a4 b4 20.Qe2 c4 21.b3 h6 22.Ne6 Nxe6
23.dxe6 Nd5 24.bxc4 Nc3 25.Qf3 Qb7 26.Qh3 Kb8 27.Kh1 Qc7 28.Bb2 Be5 29.Rae1 Bf6
30.Bg6 Qxc4 31.Qf3 Be7 32.Rc1 Rc8 33.Bxc3 bxc3 34.Rb1+ Bb4 35.Rxb4+ Qxb4
36.Rb1 Qxb1+ 37.Bxb1 g5 38.h4 Rc5 39.Qd3  1-0

[Event "Bosnia GM"]
[Site "Sarajevo BIH"]
[Date "2002.05.28"]
[Round "7"]
[White "Dreev,A"]
[Black "Movsesian,S"]
[Result "1/2-1/2"]
[WhiteElo "2677"]
[BlackElo "2624"]

1.d4 d5 2.c4 c6 3.Nf3 Nf6 4.e3 Bg4 5.Nc3 e6 6.h3 Bxf3 7.Qxf3 Nbd7 8.Bd2 Bd6
9.g4 Bb4 10.Bd3 e5 11.cxd5 Bxc3 12.Bxc3 Nxd5 13.Bc4 N7b6 14.Bxd5 Nxd5 15.Qe4 O-O
16.dxe5 Qh4 17.Bd4 Rad8 18.Qf3 Qe7 19.Rc1 b6 20.O-O c5 21.Bc3 Nxc3 22.bxc3 Qxe5
23.Rfd1 Rxd1+ 24.Qxd1 f5 25.c4 fxg4 26.hxg4 Kh8 27.Qe2 h5  1/2-1/2

[Event "Bosnia GM"]
[Site "Sarajevo BIH"]
[Date "2002.05.29"]
[Round "8"]
[White "Kozul,Z"]
[Black "Dreev,A"]
[Result "0-1"]
[WhiteElo "2595"]
[BlackElo "2677"]

1.c4 c6 2.Nf3 d5 3.e3 Nf6 4.Nc3 a6 5.h3 b5 6.b3 Bf5 7.Bb2 e6 8.cxd5 cxd5
9.a4 b4 10.Na2 Bd6 11.g4 Be4 12.g5 Bxf3 13.Qxf3 Ne4 14.Rg1 Nd7 15.h4 O-O
16.Qd1 Qb6 17.Nc1 Rac8 18.Nd3 Rc6 19.h5 Qc7 20.Rc1 Rxc1 21.Nxc1 a5 22.Nd3 Ne5
23.f4 Nxd3+ 24.Bxd3 e5 25.Qf3 Qc6 26.fxe5 Be7 27.Qh3 Nxg5 28.Ke2 Nxh3  0-1

[Event "FIDE GP"]
[Site "Moscow RUS"]
[Date "2002.06.01"]
[Round "1.3"]
[White "Georgiev,Ki"]
[Black "Dreev,A"]
[Result "0-1"]
[WhiteElo "2654"]
[BlackElo "2677"]

1.d4 d5 2.c4 c6 3.Nf3 Nf6 4.e3 a6 5.b3 Bg4 6.Nbd2 e6 7.h3 Bh5 8.Bd3 c5 9.O-O Nc6
10.Bb2 cxd4 11.exd4 Bb4 12.Be2 O-O 13.a3 Bxd2 14.Qxd2 Na5 15.Qb4 dxc4 16.bxc4 b5
17.g4 Bg6 18.cxb5 Nd5 19.Qe1 Nf4 20.Bc1 Nxe2+ 21.Qxe2 Nb3 22.Ra2 axb5 23.Be3 Qd5
24.Rd1 b4 25.a4 f6 26.Nh4 Bf7 27.Rb2 Rxa4 28.Ng2 Na5 29.Nf4 Qc4 30.Qd2 Qb5
31.Qd3 Rb8 32.Rdb1 b3 33.Bd2 Qxd3 34.Nxd3 Rxd4 35.Nc5 Nc4 36.Rxb3 Rc8 37.Bb4 e5
38.Ra1 Nb6 39.Rb2 Nd5 40.Bd2 h5 41.Nb3 Rd3 42.Kg2 Rb8 43.Rab1 hxg4 44.hxg4 Rbxb3
45.Rxb3 Rxd2 46.Rb8+ Kh7 47.g5 Nf4+ 48.Kg3 Rd3+ 49.f3 fxg5 50.Re1 Ng6 51.Kg4 Kh6
52.Rb6 Rd4+ 53.Kg3 Kh7 54.Re3 Rf4 55.Rb5 Be6 56.Rc3 Rf6 57.Ra5 Rf7 58.Rc6 Bf5
59.Rb6 Rd7 60.Rb4 Rd3 61.Kf2 Nh4 62.Rxe5 Rxf3+ 63.Ke2 Rf4 64.Rb7 Kh6 65.Rc5 Bg4+
66.Ke3 Rf3+ 67.Kd2 Rf2+ 68.Ke3 Rf6 69.Rb8 Ng2+ 70.Ke4 Nf4 71.Ra5 Re6+ 72.Kd4 Bf3
73.Ra7 g4 74.Rg8 Re4+ 75.Kc3 Ne6 76.Rf7 Kg6 77.Ra7 g3 78.Ra1 g2 79.Rh8 Nf4
80.Kd2 Re2+ 81.Kc3 Re6  0-1

[Event "FIDE GP"]
[Site "Moscow RUS"]
[Date "2002.06.01"]
[Round "1.1"]
[White "Georgiev,Ki"]
[Black "Dreev,A"]
[Result "1-0"]
[WhiteElo "2654"]
[BlackElo "2677"]

1.d4 d5 2.c4 c6 3.Nf3 Nf6 4.e3 Bf5 5.Nc3 e6 6.Nh4 Bg6 7.Qb3 Qc7 8.Bd2 Nbd7
9.Rc1 Nb6 10.cxd5 exd5 11.Be2 Be7 12.g3 Rd8 13.Nxg6 hxg6 14.Kf1 Qd7 15.f3 Nc8
16.Nd1 Nh7 17.Nf2 Ng5 18.Kg2 Nd6 19.h4 Ne6 20.Ng4 Qc7 21.Bd3 Nf5 22.f4 Bd6
23.h5 Rxh5 24.Rxh5 gxh5 25.Bxf5 hxg4 26.Bxg4 Qe7 27.Rh1 Nf8 28.Ba5 Rb8 29.Rh8 Qf6
30.Rh5 g6 31.Rh1 Ne6 32.Bxe6 fxe6 33.Rh7 b6 34.Bb4 c5 35.Qa4+ Kf8 36.Qd7 Be7
37.Qxa7 Re8 38.Bc3 Kg8 39.Qd7 Kxh7 40.Qxe8 c4 41.e4 dxe4 42.d5 Qf8 43.Qxf8 Bxf8
44.dxe6 Bd6 45.g4 Kg8 46.f5 gxf5 47.gxf5 b5 48.a3  1-0

[Event "FIDE GP"]
[Site "Moscow RUS"]
[Date "2002.06.03"]
[Round "3.2"]
[White "Ponomariov,R"]
[Black "Dreev,A"]
[Result "1-0"]
[WhiteElo "2743"]
[BlackElo "2677"]

1.e4 c5 2.Nf3 Nc6 3.Bb5 e6 4.Bxc6 bxc6 5.O-O Qc7 6.b3 Ne7 7.Ba3 d6 8.c3 Ba6
9.Re1 Ng6 10.d4 Be7 11.dxc5 dxc5 12.Qc2 Qa5 13.Bb2 O-O 14.c4 e5 15.Nc3 f6
16.Na4 Nf4 17.Qc3 Qc7 18.Ba3 Ne6 19.Qe3 Qa5 20.Qd2 Qc7 21.Qe3 Qa5 22.Qd2 Qxd2
23.Nxd2 Bc8 24.Nf1 Bd7 25.Rad1 Be8 26.Ne3 g6 27.f3 Rf7 28.Ng4 Bf8 29.Nf2 Nd4
30.Bxc5 Bxc5 31.Nxc5 g5 32.Ng4 Kf8 33.Nh6 Re7 34.Nf5 Nxf5 35.exf5 h5 36.Rd6 Kg7
37.Kf2 a5 38.Red1  1-0

[Event "FIDE GP"]
[Site "Moscow RUS"]
[Date "2002.06.04"]
[Round "4.2"]
[White "Sutovsky,E"]
[Black "Dreev,A"]
[Result "1/2-1/2"]
[WhiteElo "2660"]
[BlackElo "2677"]

1.e4 e5 2.Nf3 Nf6 3.d4 Nxe4 4.Bd3 d5 5.Nxe5 Nd7 6.Nc3 Nxe5 7.dxe5 Nxc3 8.bxc3 Bc5
9.O-O Be6 10.Rb1 Bb6 11.Qh5 h6 12.Kh1 Qe7 13.f4 g6 14.Qf3 O-O-O 15.a4 Qc5
16.Rb5 Qc6 17.Be3 d4 18.Be4 Qxc3 19.Bxb7+ Kb8 20.Bd2 Qxf3 21.Bxf3 Bc4 22.Rfb1 d3
23.R5b4 dxc2 24.Rc1 Rxd2 25.Rxc4 g5 26.fxg5 hxg5 27.R1xc2 Rxc2 28.Rxc2 Bd4
29.Bg4 Bxe5 30.Rc5 Rxh2+ 31.Kg1 Bd4+ 32.Kxh2 Bxc5 33.Bf3 f5 34.g4 f4 35.Kg2 a6
36.Be2 Kb7 37.Kf3 Kb6 38.Ke4 Ka5 39.Kf5 Be3 40.Bd3 c5 41.Kxg5 Kxa4 42.Bxa6 Kb3
43.Kf5 c4 44.Ke4 c3 45.Bd3 c2 46.Bxc2+ Kxc2 47.g5 Kc3 48.g6 Bd4 49.Kxf4 Kc4  1/2-1/2

[Event "FIDE GP"]
[Site "Moscow RUS"]
[Date "2002.06.04"]
[Round "4.1"]
[White "Dreev,A"]
[Black "Sutovsky,E"]
[Result "1-0"]
[WhiteElo "2677"]
[BlackElo "2660"]

1.d4 Nf6 2.c4 g6 3.Nc3 d5 4.Nf3 Bg7 5.Bf4 O-O 6.Rc1 dxc4 7.e3 Be6 8.Ng5 Bd5
9.e4 h6 10.exd5 hxg5 11.Bxg5 Nxd5 12.Bxc4 Nb6 13.Bb3 Nc6 14.d5 Nd4 15.O-O Qd7
16.Re1 Rfe8 17.Be3 Nxb3 18.Qxb3 Bxc3 19.bxc3 Qxd5 20.c4 Qc6 21.Bd4 Rad8 22.Ba1 f6
23.Rc3 Qc5 24.Rg3 Rd2 25.Qf3 Kf7 26.Rg4 Rxa2 27.Bd4 Qh5 28.h3 c5 29.Bxf6 Qf5
30.Rf4 exf6 31.Rxe8 Qb1+ 32.Kh2 Kxe8 33.Qxb7 Qd3 34.Rxf6 Nd7 35.Qc6 Qd4 36.Re6+ Kf7
37.Re4 Ra6 38.Rxd4 Rxc6 39.Rxd7+ Kf6 40.Rxa7 Ke5 41.Rd7 Kf4 42.Rd5 Rc8 43.h4 Rc6
44.Kh3 Rc7 45.h5 Rh7 46.g4 Kf3 47.Rg5 gxh5 48.Rxh5  1-0

[Event "FIDE GP"]
[Site "Moscow RUS"]
[Date "2002.06.05"]
[Round "5.1"]
[White "Onischuk,Al"]
[Black "Dreev,A"]
[Result "1/2-1/2"]
[WhiteElo "2641"]
[BlackElo "2677"]

1.c4 c6 2.e4 d5 3.exd5 Nf6 4.Nc3 cxd5 5.d4 Nc6 6.Nf3 Bg4 7.cxd5 Nxd5 8.Qb3 Bxf3
9.gxf3 e6 10.Qxb7 Nxd4 11.Bb5+ Nxb5 12.Qc6+ Ke7 13.Qxb5 Qd7 14.Nxd5+ Qxd5
15.Qxd5 exd5 16.Bf4 Kf6 17.O-O-O Rd8 18.Rhg1 Rd7 19.Be3 h6 20.Bd4+ Kf5 21.Bxg7 Bxg7
22.Rxg7 Rc8+ 23.Kd2 Kf4 24.Kd3 Kxf3 25.Re1 Kf4 26.h3 Rc4 27.Re3 Kf5 28.Rf3+ Ke6
29.Rg4 Rxg4 30.hxg4 Rb7 31.b3 Rb4 32.Rh3 Rxg4 33.Rxh6+ Ke5 34.Ra6 Rd4+ 35.Ke2 Re4+
36.Kf1 Kd4 37.Rxa7 Kc3 38.Rxf7 d4 39.Rc7+ Kb2 40.f3 Re6 41.Rd7 Kc3 42.Kf2 d3
43.Rc7+ Kb2 44.f4 d2 45.Rd7 Kc2 46.Rc7+ Kb2 47.Rd7 Kc2 48.Rc7+ Kb2  1/2-1/2

[Event "GM"]
[Site "Biel SUI"]
[Date "2002.07.23"]
[Round "2"]
[White "Smirin,I"]
[Black "Dreev,A"]
[Result "1/2-1/2"]
[WhiteElo "2676"]
[BlackElo "2676"]

1.e4 e5 2.Nf3 Nf6 3.d4 Nxe4 4.Bd3 d5 5.Nxe5 Nd7 6.Nxd7 Bxd7 7.O-O Bd6 8.Qh5 Nf6
9.Qh4 Ne4 10.Qxd8+ Rxd8 11.c4 O-O 12.f3 Nf6 13.c5 Be7 14.Bf4 c6 15.Nc3 Nh5
16.Be3 g6  1/2-1/2

[Event "GM"]
[Site "Biel SUI"]
[Date "2002.07.24"]
[Round "3"]
[White "Dreev,A"]
[Black "Vallejo Pons,F"]
[Result "1-0"]
[WhiteElo "2676"]
[BlackElo "2648"]

1.d4 Nf6 2.c4 e6 3.Nf3 b6 4.a3 Ba6 5.Qc2 c5 6.d5 exd5 7.cxd5 g6 8.Bf4 d6
9.Nc3 Bg7 10.Qa4+ Qd7 11.Bxd6 Qxa4 12.Nxa4 Nxd5 13.O-O-O Ne7 14.e4 Bxf1 15.Rhxf1 Nbc6
16.Nc3 Bxc3 17.bxc3 Rd8 18.Be5 Rxd1+ 19.Rxd1 Nxe5 20.Nxe5 f6 21.Nd7 Kf7 22.Rd6 Nc8
23.Rc6 Rd8 24.e5 f5 25.Nf6 Ne7 26.Rc7 Ke6 27.f4 h6 28.Rxa7 g5 29.Nh5 Ng6
30.Ng7+ Kd5 31.e6 Kd6 32.g4 gxf4 33.gxf5 f3 34.fxg6 f2 35.Rf7 Rg8 36.e7  1-0

[Event "GM"]
[Site "Biel SUI"]
[Date "2002.07.25"]
[Round "4"]
[White "Dreev,A"]
[Black "Korchnoi,V"]
[Result "1/2-1/2"]
[WhiteElo "2676"]
[BlackElo "2626"]

1.d4 Nf6 2.c4 e6 3.Nf3 d5 4.Nc3 c5 5.cxd5 Nxd5 6.e4 Nxc3 7.bxc3 cxd4 8.cxd4 Bb4+
9.Bd2 Bxd2+ 10.Qxd2 O-O 11.Bc4 Nd7 12.O-O b6 13.a4 Bb7 14.Rfe1 Qf6 15.a5 Rfd8
16.axb6 axb6 17.Rxa8 Rxa8 18.h3 h6 19.Bd3 Qe7 20.Qf4 Nf6 21.Rb1 Qa3 22.Rd1  1/2-1/2

[Event "GM"]
[Site "Biel SUI"]
[Date "2002.07.28"]
[Round "6"]
[White "Dreev,A"]
[Black "Tkachiev,V"]
[Result "1/2-1/2"]
[WhiteElo "2676"]
[BlackElo "2625"]

1.d4 Nf6 2.c4 e6 3.Nf3 b6 4.a3 Bb7 5.Nc3 d5 6.Qc2 c5 7.Bg5 cxd4 8.Nxd4 Be7
9.cxd5 O-O 10.Bxf6 Bxf6 11.Rd1 exd5 12.e3 Bxd4 13.exd4  1/2-1/2

[Event "RUS vs. ROW"]
[Site "Moscow RUS"]
[Date "2002.09.09"]
[Round "3"]
[White "Dreev,A"]
[Black "Leko,P"]
[Result "1/2-1/2"]
[WhiteElo "2676"]
[BlackElo "2722"]

1.d4 Nf6 2.c4 e6 3.Nf3 b6 4.a3 Bb7 5.Nc3 d5 6.cxd5 Nxd5 7.Bd2 Nd7 8.Nxd5 Bxd5
9.Qc2 c5 10.e4 Bb7 11.Rd1 cxd4 12.Nxd4 a6 13.Be3 Be7 14.Be2 Qc8 15.Qb1 Nc5
16.f3 O-O 17.O-O Qb8 18.b4 Na4 19.Qc2 b5 20.Rc1 Bd6 21.g3  1/2-1/2

[Event "RUS vs. ROW"]
[Site "Moscow RUS"]
[Date "2002.09.09"]
[Round "4"]
[White "Ivanchuk,V"]
[Black "Dreev,A"]
[Result "1/2-1/2"]
[WhiteElo "2711"]
[BlackElo "2676"]

1.e4 c6 2.d4 d5 3.exd5 cxd5 4.c4 Nf6 5.Nc3 Nc6 6.Bg5 dxc4 7.Nf3 e6 8.Bxc4 Be7
9.O-O O-O 10.Rc1 a6 11.Bd3 Bd7 12.Re1 Rc8 13.a3 Nd5 14.h4 Nxc3 15.bxc3 h6
16.Bxe7 Nxe7 17.c4 b5 18.c5 Nd5 19.Ne5 Bc6 20.a4 Qxh4 21.Nxc6 Rxc6 22.axb5 axb5
23.Bxb5 Rc7 24.Be2 Rd8 25.Bf3 Ne7 26.Rc4 Nf5 27.Bg4 Ne7 28.Bf3 Nf5 29.Bg4  1/2-1/2

[Event "RUS vs. ROW"]
[Site "Moscow RUS"]
[Date "2002.09.09"]
[Round "5"]
[White "Dreev,A"]
[Black "Shirov,A"]
[Result "1/2-1/2"]
[WhiteElo "2676"]
[BlackElo "2697"]

1.d4 d5 2.c4 dxc4 3.e4 Nf6 4.e5 Nd5 5.Bxc4 Nb6 6.Bd3 Nc6 7.Be3 Nb4 8.Be4 f5
9.exf6 exf6 10.Nc3 f5 11.Bf3 N4d5 12.Bd2 Be6 13.Nh3 Qd7 14.O-O O-O-O 15.Re1 Nxc3
16.bxc3 Ba3 17.Nf4 Bc4 18.Qc2 Rhe8 19.Nd3 Qa4 20.Qxa4 Nxa4 21.Ne5 Bd5 22.Bxd5 Rxd5
23.Nc4 Rxe1+ 24.Rxe1 Bb2 25.Nxb2 Nxb2 26.Re7 Rd7 27.Re8+ Rd8 28.Re7 Rd7 29.Re8+  1/2-1/2

[Event "RUS vs. ROW"]
[Site "Moscow RUS"]
[Date "2002.09.10"]
[Round "6"]
[White "Gelfand,B"]
[Black "Dreev,A"]
[Result "1-0"]
[WhiteElo "2710"]
[BlackElo "2676"]

1.e4 c6 2.d4 d5 3.e5 Bf5 4.Be3 Qb6 5.Qc1 e6 6.c4 Bxb1 7.Rxb1 Bb4+ 8.Bd2 Bxd2+
9.Qxd2 dxc4 10.Bxc4 c5 11.d5 exd5 12.Qxd5 Qb4+ 13.Ke2 Nh6 14.Nf3 Nc6 15.a3 Qb6
16.Rhc1 O-O 17.Kf1 Rfe8 18.Qe4 Nd8 19.Bd5 Rc8 20.b4 Qa6+ 21.b5 Qg6 22.Qxg6 hxg6
23.b6 axb6 24.Rxb6 Nf5 25.Bxb7 Rb8 26.Rcb1 Nxb7 27.Rxb7 Ra8 28.R1b3 Nd4 29.Nxd4 cxd4
30.Rf3 Rf8 31.Rd7 Ra5 32.Rxd4 Rxe5 33.Rfd3 Rfe8 34.g3 Re1+ 35.Kg2 Ra1 36.Rd8 Rxd8
37.Rxd8+ Kh7 38.Ra8 g5 39.g4 Rc1 40.Kf3 Rc4 41.h3 Kg6 42.Re8 Rc3+ 43.Re3 Rc2
44.Rb3 Ra2 45.Ke3 f5 46.f3 Kf6 47.Kd4 Rh2 48.Kc4 Rxh3 49.a4 fxg4 50.fxg4 Rh4
51.Rg3 Ke5 52.a5 Kf4 53.Rg1 Kf3 54.a6 Kf2 55.Ra1 Rxg4+ 56.Kd3 Rg3+ 57.Kd2 Rf3
58.a7 Rf8 59.a8=Q Rxa8 60.Rxa8 g4 61.Rf8+ Kg2 62.Ke3 g3 63.Kf4 g5+ 64.Kg4 Kh2
65.Rh8+ Kg2 66.Rh3  1-0

[Event "RUS vs. ROW"]
[Site "Moscow RUS"]
[Date "2002.09.10"]
[Round "8"]
[White "Dreev,A"]
[Black "Azmaiparashvili,Z"]
[Result "1/2-1/2"]
[WhiteElo "2676"]
[BlackElo "2676"]

1.d4 d6 2.e4 Nf6 3.f3 c5 4.d5 e6 5.c4 b5 6.dxe6 Bxe6 7.cxb5 d5 8.Nc3 d4 9.Nce2 Bd6
10.Bf4 Be7 11.Bd2 Bd6 12.Bf4 Be7  1/2-1/2

[Event "ECC"]
[Site "Halkidiki GRE"]
[Date "2002.09.22"]
[Round "1"]
[White "Dreev,A"]
[Black "Saldano,H"]
[Result "1-0"]
[WhiteElo "2676"]
[BlackElo "2414"]

1.d4 d6 2.e4 Nf6 3.f3 c5 4.d5 e6 5.c4 b5 6.dxe6 Bxe6 7.Nc3 b4 8.Nd5 Bxd5
9.cxd5 g6 10.a3 Bg7 11.axb4 O-O 12.Bd3 cxb4 13.Nh3 Qb6 14.Nf2 a5 15.O-O Nbd7
16.Qe2 Nc5 17.Be3 Nfd7 18.Bb5 Qd8 19.Bc6 Rb8 20.f4 Nb3 21.Rad1 Ndc5 22.Qc2 a4
23.Bxa4 Nxa4 24.Qxb3 Nxb2 25.Rd4 Qa5 26.Qxb2 b3 27.e5 Rfe8 28.Rd2 dxe5 29.fxe5 Rb5
30.Ne4 Rxd5 31.Qxb3  1-0

[Event "ECC"]
[Site "Halkidiki GRE"]
[Date "2002.09.26"]
[Round "5"]
[White "Dreev,A"]
[Black "Kishnev,S"]
[Result "1-0"]
[WhiteElo "2676"]
[BlackElo "2497"]

1.d4 Nf6 2.c4 e6 3.Nf3 d5 4.Nc3 dxc4 5.e4 Bb4 6.Bg5 c5 7.Bxc4 cxd4 8.Nxd4 Bxc3+
9.bxc3 Qa5 10.Bb5+ Nbd7 11.Bxf6 Qxc3+ 12.Kf1 gxf6 13.h4 Qa5 14.Rh3 e5 15.Nf5 Qxb5+
16.Rd3 Qb6 17.Rb1 Qa6 18.Kg1 Qxa2 19.Rc1 b5 20.Rc7 Qa4 21.Qc1 Qa6 22.Rd6 Qxd6
23.Nxd6+ Ke7 24.Rxc8  1-0

[Event "ECC"]
[Site "Halkidiki GRE"]
[Date "2002.09.27"]
[Round "6"]
[White "Onischuk,Al"]
[Black "Dreev,A"]
[Result "1/2-1/2"]
[WhiteElo "2644"]
[BlackElo "2676"]

1.c4 c6 2.e4 d5 3.exd5 cxd5 4.d4 Nf6 5.Nc3 Nc6 6.Bg5 dxc4 7.Nf3 e6 8.Bxc4 Be7
9.O-O O-O 10.Rc1 a6 11.Bd3 Bd7 12.a3 Nd5  1/2-1/2

[Event "FIDE World Cup Gp B"]
[Site "Hyderabad IND"]
[Date "2002.10.10"]
[Round "1"]
[White "Rublevsky,S"]
[Black "Dreev,A"]
[Result "1/2-1/2"]
[WhiteElo "2664"]
[BlackElo "2673"]

1.e4 c6 2.d4 d5 3.Nd2 dxe4 4.Nxe4 Bf5 5.Ng3 Bg6 6.Bc4 e6 7.N1e2 Bd6 8.h4 h6
9.Nf4 Bxf4 10.Bxf4 Nf6 11.Qe2 Nbd7 12.O-O-O O-O 13.Bd3 Bxd3 14.Rxd3 Qa5 15.Kb1 Rfe8  1/2-1/2

[Event "FIDE World Cup Gp B"]
[Site "Hyderabad IND"]
[Date "2002.10.11"]
[Round "2"]
[White "Dreev,A"]
[Black "Yermolinsky,A"]
[Result "1/2-1/2"]
[WhiteElo "2673"]
[BlackElo "2575"]

1.d4 Nf6 2.c4 e6 3.Nf3 b6 4.a3 Ba6 5.Qc2 Bb7 6.Nc3 c5 7.e4 cxd4 8.Nxd4 Bc5
9.Nb3 Nc6 10.Bg5 h6 11.Bh4 Nd4 12.Nxd4 Bxd4 13.Bd3 Be5 14.Bg3 Qc7 15.Nb5 Qb8
16.c5 O-O 17.Nd6 Bxg3 18.hxg3 Ne8 19.Nxb7 Qxb7 20.cxb6 Qxb6 21.b4 Nf6 22.O-O Rac8
23.Qd2 Qd4 24.Rfd1 Nxe4 25.Bxe4 Qxe4 26.Qxd7 a6 27.Rac1 Rc2 28.Rxc2 Qxc2
29.Qd3 Qxd3 30.Rxd3 Rc8 31.Kf1 h5 32.Ke2 Rc2+ 33.Rd2 Rc3 34.Ra2 Kf8 35.Kd2 Rc6
36.Rc2 Rd6+ 37.Ke3 Ke7 38.Rc5 g6 39.Rc4 e5 40.Rc5 Ke6 41.Ra5 f5 42.Rc5 g5
43.f3 f4+ 44.gxf4 gxf4+ 45.Ke2 Kf5 46.Rc2 h4 47.Rc8 Rg6 48.Kf2 Rd6 49.Rf8+ Ke6
50.Ke2 Rc6 51.Kd3 Rd6+ 52.Kc2 Kd5 53.Kd3 Rg6 54.Rd8+ Ke6 55.Re8+ Kd6 56.Rd8+ Ke6
57.Re8+ Kd5 58.Rd8+ Ke6  1/2-1/2

[Event "FIDE World Cup Gp B"]
[Site "Hyderabad IND"]
[Date "2002.10.12"]
[Round "3"]
[White "Kobese,W"]
[Black "Dreev,A"]
[Result "0-1"]
[WhiteElo "2399"]
[BlackElo "2673"]

1.e4 c6 2.d3 d5 3.Nd2 e5 4.Ngf3 Bd6 5.Be2 Nf6 6.O-O O-O 7.c3 Re8 8.a4 a5
9.Qc2 Nbd7 10.b3 Nf8 11.Re1 Qb6 12.Nf1 Ng6 13.Ne3 Be6 14.Rb1 Rad8 15.Bf1 h6
16.g3 Ng4 17.Nf5 Bc5 18.Re2 Qc7 19.h3 Nf6 20.Re1 dxe4 21.dxe4 Bxf5 22.exf5 e4
23.Be3 Bxe3 24.Rxe3 Ne7 25.Rxe4 Nxe4 26.Qxe4 Qd7 27.g4 Nd5 28.Qc4 Nf6 29.b4 Re4
30.Qc5 axb4 31.cxb4 h5 32.g5 Nd5 33.f6 Qf5 34.Rb3 gxf6 35.b5 cxb5 36.Qxb5 b6
37.a5 bxa5 38.Qxa5 Ree8 39.gxf6 Kh8 40.h4 Qg4+ 41.Kh2 Nxf6 42.Qg5 Qxg5 43.Nxg5 Kg7
44.Rg3 Ng4+ 45.Kg2 Rd2 46.Nh3 Re3 47.Bc4 f5 48.Ba6 f4 49.Rf3 Ra2 50.Bb7 Rxf3
51.Bxf3 Ra4 52.Ng5 Kf6 53.Ne4+ Ke5 54.Ng5 Ra2 55.Nh3 Rb2 56.Kg1 Kf5 57.Kg2 Rb3
58.Ng5 Ra3 59.Be4+ Kf6 60.Bf3 Ke5 61.Nf7+ Kd4 62.Ng5 Ra2 63.Nh3 Nxf2 64.Nxf4 Ne4+
65.Kh3 Ke3 66.Bxe4 Kxf4 67.Bg6 Ra3+ 68.Kh2 Kg4 69.Bf7 Kxh4 70.Bd5 Rd3 71.Bb7 Rd2+
72.Kg1 Kg3 73.Kf1 h4  0-1

[Event "FIDE World Cup Gp B"]
[Site "Hyderabad IND"]
[Date "2002.10.14"]
[Round "5"]
[White "Dreev,A"]
[Black "Azmaiparashvili,Z"]
[Result "1/2-1/2"]
[WhiteElo "2673"]
[BlackElo "2666"]

1.d4 d6 2.c4 g6 3.Nc3 e5 4.Nf3 Bg7 5.e4 Bg4 6.dxe5 dxe5 7.Qxd8+ Kxd8 8.Ng5 Nh6
9.h3 Bd7 10.Be3 f6 11.Nf3 Nf7 12.O-O-O c6 13.c5 Ke7 14.Nd2 Be6 15.Bc4 Rd8
16.Bxe6 Kxe6 17.Nc4 Na6 18.a3 Bf8 19.b4 Rxd1+ 20.Rxd1 Rd8 21.Na5 Rxd1+ 22.Kxd1 Nd8
23.Kc2 Nb8 24.Kd3 Nd7 25.a4 b6 26.cxb6 axb6 27.Nc4 b5 28.axb5  1/2-1/2

[Event "FIDE World Cup QF"]
[Site "Hyderabad IND"]
[Date "2002.10.15"]
[Round "1"]
[White "Short,N"]
[Black "Dreev,A"]
[Result "1/2-1/2"]
[WhiteElo "2684"]
[BlackElo "2673"]

1.e4 c6 2.d4 d5 3.e5 Bf5 4.Nd2 e6 5.Nb3 Nd7 6.Be3 a6 7.f4 Rc8 8.Nf3 c5 9.dxc5 Nxc5
10.c3 Na4 11.Qd2 Ne7 12.Be2 Nb6 13.Na5 Qc7 14.O-O Bg4 15.Nd4 Bxe2 16.Qxe2 Nc4
17.Nxc4 Qxc4 18.Qf2 Qd3 19.Rad1 Qg6 20.h3 h5 21.f5 Nxf5 22.Nxf5 Qxf5 23.Qxf5 exf5
24.Rxf5 Bc5 25.Kf2 Ke7 26.Rg5 g6 27.Rxd5 Bxe3+ 28.Kxe3 Rhd8 29.Rxd8 Rxd8
30.a4 Ke6 31.Rg3 Kxe5  1/2-1/2

[Event "FIDE World Cup QF"]
[Site "Hyderabad IND"]
[Date "2002.10.16"]
[Round "3"]
[White "Short,N"]
[Black "Dreev,A"]
[Result "1/2-1/2"]
[WhiteElo "2684"]
[BlackElo "2673"]

1.e4 c6 2.Ne2 d5 3.e5 c5 4.d4 Nc6 5.c3 Bg4 6.Be3 Qb6 7.Qd2 cxd4 8.cxd4 Bxe2
9.Bxe2 e6 10.Nc3 Nge7 11.Na4 Qb4 12.Qxb4 Nxb4 13.Kd2 Nf5 14.a3 Nc6 15.Bb5 Be7
16.Rac1 Kd7 17.Kd3 Rhc8 18.g4 Nxe3 19.fxe3 Rc7 20.Rhf1 Rf8 21.e4 dxe4+ 22.Kxe4 Kc8
23.Bxc6 Rxc6 24.Rxc6+ bxc6 25.b4 Kb7 26.Kd3 f6 27.exf6 Rxf6 28.Rxf6 gxf6
29.Kc4 f5 30.gxf5 exf5 31.Nc3 Kc7 32.d5 f4 33.dxc6 Kxc6 34.Ne4 Bh4 35.a4 Be1
36.Ng5 h5 37.Nf3 Bf2 38.Ne5+ Kd6 39.Nf3 Kc6 40.h3 Be3  1/2-1/2

[Event "Gp B"]
[Site "Cap d'Agde FRA"]
[Date "2002.10.24"]
[Round "1"]
[White "Gurevich,M"]
[Black "Dreev,A"]
[Result "1-0"]
[WhiteElo "2634"]
[BlackElo "2673"]

1.c4 c6 2.Nf3 d5 3.e3 Nf6 4.Qc2 Nbd7 5.Nc3 e6 6.b3 b6 7.cxd5 exd5 8.d4 Bb7
9.Be2 Bd6 10.O-O O-O 11.Bb2 Re8 12.Rad1 Qe7 13.Rfe1 Rac8 14.Qf5 Qe6 15.Bd3 Nf8
16.Ng5 Qxf5 17.Bxf5 Rcd8 18.Rc1 Ne6 19.Nf3 g6 20.Bd3 Nd7 21.Ne2 Bf8 22.Rc2 a6
23.Rec1 c5 24.Nf4 Nxf4 25.exf4 f6 26.f5 g5 27.h3 Rc8 28.Bf1 Bd6 29.g3 Kf7
30.Bg2 Bf8 31.Nh2 b5 32.Ng4 c4 33.bxc4 bxc4 34.Bc3 Bd6 35.Bd2 Bc6 36.Ne3 Rxe3
37.Bxe3 Nb6 38.Rb1 Na4 39.Bd2 Bb8 40.Re1 Ba7 41.Re6 Bb7 42.Bb4 Rc7 43.Rce2  1-0

[Event "Gp B"]
[Site "Cap d'Agde FRA"]
[Date "2002.10.24"]
[Round "2"]
[White "Dreev,A"]
[Black "Gelfand,B"]
[Result "1/2-1/2"]
[WhiteElo "2673"]
[BlackElo "2704"]

1.d4 d5 2.c4 c6 3.Nc3 Nf6 4.e3 e6 5.Nf3 Nbd7 6.Bd3 dxc4 7.Bxc4 b5 8.Bd3 b4
9.Ne4 Nxe4 10.Bxe4 Bb7 11.Bd2 Qb6 12.a3 c5 13.Bxb7 Qxb7 14.Qa4 cxd4 15.O-O Be7
16.Nxd4 bxa3 17.bxa3 O-O 18.Bb4 Nb6 19.Qc6 Rfb8 20.Qxb7 Rxb7 21.Bxe7 Rxe7
22.Rfc1 Rc8 23.Rxc8+ Nxc8 24.Rc1 Nb6 25.Kf1 Kf8 26.Ke2 Rd7 27.Rc5 Rb7 28.Kd3 Ke7
29.Ra5 Kd7 30.g4 Nc8 31.h4 Rb2 32.f3 Rh2 33.h5 g6 34.hxg6 hxg6 35.g5 Ra2
36.Ke4 Nd6+ 37.Kf4 e5+ 38.Rxe5 Rxa3 39.Rd5 Ra6 40.e4 Ke7 41.Rc5 Ra4 42.Re5+ Kf8
43.Rd5 Nc4 44.Nc6 Ra6 45.Rd8+ Kg7 46.Ne7 f6 47.Rd7 fxg5+ 48.Kxg5 Ne5 49.Nf5+ Kh8
50.Rd8+ Kh7 51.Kf4 gxf5 52.Kxe5 fxe4 53.fxe4 Kg7 54.Rd6 Rxd6 55.Kxd6 a5 56.Kc5  1/2-1/2

[Event "Gp B"]
[Site "Cap d'Agde FRA"]
[Date "2002.10.25"]
[Round "3"]
[White "Bologan,V"]
[Black "Dreev,A"]
[Result "0-1"]
[WhiteElo "2627"]
[BlackElo "2673"]

1.e4 c6 2.d4 d5 3.exd5 cxd5 4.c4 Nf6 5.Nc3 Nc6 6.Bg5 dxc4 7.Bxc4 e6 8.Nf3 Be7
9.O-O O-O 10.a3 b6 11.Qd3 Bb7 12.Rad1 Nd5 13.Bc1 Nxc3 14.bxc3 Na5 15.Ba2 Bxf3
16.Qxf3 Qc7 17.Rd3 Nc4 18.Qh5 g6 19.Qh6 f5 20.Re1 b5 21.Rxe6 Bf6 22.Rde3 Qg7
23.Re1 Rac8 24.Qh3 Qd7 25.Qd3 Kg7 26.a4 Nd6 27.Ba3 Ne4 28.Bxf8+ Rxf8 29.Rxf6 Rxf6
30.axb5 Qc7 31.Bc4 Rb6 32.f3 Nd6 33.Bd5 Rxb5 34.c4 Rb4 35.c5 Nb5 36.Bc4 a6
37.Re8 Qf4 38.Re7+ Kf6 39.Rf7+ Kg5 40.Rxh7 Qc1+ 41.Kf2 Rxc4 42.Kg3 Qf4+ 43.Kh3 Rc3
44.Qe2 Qg4+  0-1

[Event "6th Corsica Masters"]
[Site "Bastia FRA"]
[Date "2002.11.02"]
[Round "2.3"]
[White "Gurevich,M"]
[Black "Dreev,A"]
[Result "1/2-1/2"]
[WhiteElo "2634"]
[BlackElo "2673"]

1.c4 c6 2.Nf3 d5 3.e3 Nf6 4.Qc2 e6 5.b3 Nbd7 6.Nc3 Bd6 7.Be2 O-O 8.O-O Re8
9.d4 dxc4 10.bxc4 e5 11.Rd1 exd4 12.exd4 Nf8 13.h3 Ng6 14.Bf1 Qc7 15.Bg5 Nh5
16.Re1 Bd7 17.c5 Bf8 18.Bc4 Nhf4 19.Bxf4 Qxf4 20.Ne2 Qf6 21.Qb3 Be6 22.Bxe6 Rxe6
23.Ng3 Rae8 24.Rxe6 Rxe6 25.Qxb7 Bxc5 26.Qa8+ Bf8 27.Qxa7 c5 28.a4 Nf4 29.a5 Nxh3+
30.Kf1 Ra6 31.Qb7 Nf4 32.Ne4 Qh6 33.Ng3 cxd4 34.Nxd4 Qf6 35.Qe4 Ne6 36.Nge2 Bc5
37.Ra4 g6 38.Nf3 Qb2 39.g3 Qb5 40.Kg2 Rxa5 41.Rxa5 Qxa5 42.Nf4 Nxf4+ 43.Qxf4 Qa8
44.Qe5 Bf8 45.Qe2 Qd5 46.Kg1 Bd6 47.Nd2 Kg7 48.Nc4 Bc7 49.Ne3 Qe6 50.Qf3 h5
51.Kg2 Bb6 52.Nd5 Bd4 53.Nf4 Qf5 54.Nd5 Qxf3+ 55.Kxf3 g5 56.g4 h4 57.Kg2 f6
58.Ne7 Kf7 59.Nf5 Be5 60.Ne3 Ke6 61.Kh3 Bd4 62.Nf5 Bxf2 63.Ng7+ Ke5 64.Nf5 Bc5
65.Ng7 Bf8 66.Nf5 Ke4 67.Kg2 Kf4 68.Kh3 Bc5 69.Nh6 Kf3 70.Nf5 Kf4 71.Nh6 f5
72.Nxf5 Bf8 73.Nd4 Ke4 74.Nf5 Bc5 75.Nh6  1/2-1/2